Historia de la Nueva España

Wedi'i Gadw mewn:
Manylion Llyfryddiaeth
Prif Awdur: Zorita, Alonso de (Awdur)
Fformat: Llyfr
Iaith:Sbaeneg
Cyhoeddwyd: Madrid, España Librería General de Victoriano Suárez 1909
Cyfres:Colección de libros y documentos referentes a la Historia de América, 9
Pynciau:
Tagiau: Ychwanegu Tag
Dim Tagiau, Byddwch y cyntaf i dagio'r cofnod hwn!

MARC

LEADER 00000nam a2200000 a 4500
001 UCJ6870
003 CL-VaPUC
005 20241018150336.0
008 070124e19090430SP |||||||||||||||||spa|d
999 |c 322972  |d 322970 
040 |c Pontificia Universidad Católica de Valparaíso 
082 0 4 |a 980 ZOR 1909  |2 21 
100 0 |a Zorita, Alonso de  |e author  |9 514351 
245 1 0 |a Historia de la Nueva España 
260 |a Madrid, España  |b Librería General de Victoriano Suárez  |c 1909 
300 |a 534 páginas 
490 0 |a Colección de libros y documentos referentes a la Historia de América,  |v  9 
500 |a 8°, pasta valenciana.- Anteport.- v. en b.- Portadilla.- v. en b.- Portada a dos tintas.- v.: Pie de imprenta.- Apostillado.- Esta obra junto al resto de la Colección se encuentra en la sala 1-23, estante N° 37 
583 |a last modification  |c 20070124 00:00:00  |k Rodrigo Vera 
650 7 |a HISTORIA DE MEXICO  |2 CL-VaPUC  |9 504622 
650 0 |a Geografía  |z MEXICO  |9 259346 
650 0 |a Población  |z MEXICO  |9 257577 
650 7 |a COLONIZACION ESPAÑOLA  |z MEXICO  |9 856366 
852 |a BIBCUR 
942 |c BK  |2 ddc 
945 |d 20070124 00:00:00  |a rinostro 
952 |0 0  |1 0  |2 ddc  |4 0  |6 980_000000000000000_ZOR_1909  |7 0  |8 X  |9 402170  |a FDOBUD  |b FDOBUD  |d 2019-11-22  |i 1054139  |o 980 ZOR 1909  |p 1054139  |r 2019-11-22  |t 1  |w 2019-11-22  |y BK_X  |k BUD